Ovals Arches Lines (Record no. 627)
[ view plain ]
| 000 -LEADER | |
|---|---|
| campo de control de longitud fija | 00508nam a22001457a 4500 |
| 008 - DATOS DE LONGITUD FIJA--INFORMACIÓN GENERAL | |
| campo de control de longitud fija | 150522b xxu||||| |||| 00| 0 eng d |
| 082 ## - NÚMERO DE LA CLASIFICACIÓN DECIMAL DEWEY | |
| Número de clasificación | 708 |
| Número de ítem | D 247o |
| 100 ## - ENTRADA PRINCIPAL--NOMBRE DE PERSONA | |
| Nombre de persona | Davenport, Ian; Mullins, Charlotte |
| 9 (RLIN) | 2816 |
| 245 ## - MENCIÓN DEL TÍTULO | |
| Título | Ovals Arches Lines |
| Mención de responsabilidad, etc. | Davenport, Ian; Mullins, Charlotte |
| 260 ## - PUBLICACIÓN, DISTRIBUCIÓN, ETC. | |
| Lugar de publicación, distribución, etc. | Londres |
| Nombre del editor, distribuidor, etc. | Bas Printers, Hampshire |
| Fecha de publicación, distribución, etc. | 2006 |
| 300 ## - DESCRIPCIÓN FÍSICA | |
| Extensión | 48 p. |
| Otras características físicas | ill. (col) |
| Dimensiones | 24.5 x 24.5 |
| 600 ## - PUNTO DE ACCESO ADICIONAL DE MATERIA--NOMBRE DE PERSONA | |
| Nombre de persona | Davenport, Ian |
| Fechas asociadas al nombre | 1966 |
| Subdivisión general | Exhibiciones |
| 9 (RLIN) | 2817 |
| 650 ## - PUNTO DE ACCESO ADICIONAL DE MATERIA--TÉRMINO DE MATERIA | |
| Subdivisión general | Arte moderno |
| 9 (RLIN) | 145 |
| 700 ## - ENTRADA AGREGADA--NOMBRE PERSONAL | |
| Nombre de persona | Ian Davenport; Charlotte Mullins |
| 9 (RLIN) | 2818 |
| Estatus retirado | Estado de pérdida | Fuente del sistema de clasificación o colocación | Estado de daño | No para préstamo | Biblioteca de origen | Biblioteca actual | Ubicación en estantería | Fecha de adquisición | Total de préstamos | Signatura topográfica completa | Código de barras | Visto por última vez | Precio de reemplazo | Tipo de ítem Koha |
|---|---|---|---|---|---|---|---|---|---|---|---|---|---|---|
| Clasificación Decimal Dewey | Biblioteca LadoV | Biblioteca LadoV | 22/05/2015 | 708 D 247o | 000704 | 22/05/2015 | 22/05/2015 | Material 01 |
